000 00267nam a2200121Ia 4500
005 20251222153523.0
008 251222s9999||||xx |||||||||||||| ||spa||
082 _a320.98/C46
245 0 _aAmérica Latina 80:
250 _a1ra.ed.
264 _bDESCO
942 _cLIB
999 _c29789
_d29789